000 00519cam a2200193Ia 4500
001 sjds28574660
003 sjds
005 20170614211454.0
008 930805s1992 sp a j l001 0 spa d
020 _a8437237696 (pbk._
_c$18.95
040 _aJRQ
_cJRQ
041 _aspa
092 _a623.8
100 1 _aKentley, Eric.
240 1 0 _aBoat.
_lSpanish.
245 1 0 _aBarcos /
_cpor Eric Kentley ; [traducido por Juan Genova Sotil].
260 _aMadrid :
_bAltea,
_cc1992.
300 _a64 p. :
_bcol. ill. ;
_c29 cm.
999 _c17607
_d17608